banner koha

Environmental factors driving plant trait distributions in coastal zones of Atlantic Forest (Registro n. 338243)

MARC details
000 -LÍDER
fixed length control field 04507nab a2200349 i 4500
003 - CÓDIGO MARC DA AGÊNCIA CATALOGADORA
Campo de controle BR-BrBNA
005 - DATA E HORA DA ÚLTIMA ATUALIZAÇÃO
Campo de controle 20250917195235.0
008 - CAMPO DE TAMANHO FIXO
fixed length control field 250917b2021 bl.ar|pooa||| 00| 0 eng |
040 ## - FONTE DA CATALOGAÇÃO
Agência catalogadora BR-BrBNA
Idioma da catalogação eng
072 ## - CATEGORIA AGRIS
Código AGRIS F60
072 ## - CATEGORIA AGRIS
Código AGRIS F40
072 ## - CATEGORIA AGRIS
Código AGRIS P33
100 ## - ENTRADA PRINCIPAL - NOME PESSOAL
Nome pessoal Lins, Lays
100 ## - ENTRADA PRINCIPAL - NOME PESSOAL
Nome pessoal Silva-Pinheiro, Juliana Da
100 ## - ENTRADA PRINCIPAL - NOME PESSOAL
Nome pessoal Correia, Ricardo A.
100 ## - ENTRADA PRINCIPAL - NOME PESSOAL
Nome pessoal Endres, Laurício
100 ## - ENTRADA PRINCIPAL - NOME PESSOAL
Nome pessoal Malhado, Ana Cláudia Mendes
100 ## - ENTRADA PRINCIPAL - NOME PESSOAL
Nome pessoal Moura Filho, Gilson
100 ## - ENTRADA PRINCIPAL - NOME PESSOAL
Nome pessoal Moura, Flávia de Barros Prado
100 ## - ENTRADA PRINCIPAL - NOME PESSOAL
Nome pessoal Justino, Gilberto Costa
245 ## - TÍTULO PRINCIPAL
Título principal Environmental factors driving plant trait distributions in coastal zones of Atlantic Forest
500 ## - NOTA GERAL
Nota geral Publicação on-line; Bibliography p. 10-12 (55 ref.); 5 tables; 3 illus.; Summaries (En, Pt)
942 ## - ADDED ENTRY ELEMENTS (KOHA)
Koha item type Analítica
520 ## - NOTA DE RESUMO
Nota de conteúdo <br/><br/>Abstract<br/><br/>Environmental filtering has been defined as the effect of environmental gradients on species in a plant<br/>community and can be the dominant driver of community assembly. Here, we evaluate the relationship between<br/>plant communities and the environment in the Restinga vegetation. For this, we measured 11 functional traits<br/>of plant species present along transects covering a marked edaphic environmental gradient. This gradient<br/>was characterized through Principal Component Analysis of soil characteristics. The relationships between<br/>the edaphic gradient and functional traits were evaluated using linear models. Finally, we compared the<br/>contributions of species turnover and intraspecific variation to among-site variation in functional traits. The<br/>gradients associated with soil nutrients (PCA axis 1) and soil acidity and organic matter (PCA axis 2) were then<br/>used to test the observed changes in community composition and were significant predictors of the distribution<br/>of water potential, leaf dry matter content and K content, height and chlorophyll index. Decomposing the total<br/>variation in the distribution of functional traits between species turnover and intraspecific variation revealed<br/>that species turnover explains a greater proportion of the observed variation. We conclude that community<br/>assembly is strongly limited by environmental filters and mediated by functional traits at the species level.<br/><br/>Key words: assembly rules, community composition, dune, functional trait, Restinga, turnover.<br/><br/><br/><br/><br/><br/>Resumo<br/><br/>A filtragem ambiental é o efeito dos gradientes ambientais nas espécies e pode ser o principal fator de montagem<br/>de comunidades de plantas. Aqui, avaliamos a relação entre comunidades vegetais e o solo na vegetação<br/>Restinga do nordeste do Brasil. Para isso, medimos 11 características funcionais das espécies vegetais presentes<br/>ao longo dos transectos, cobrindo um gradiente ambiental marcado. Este gradiente foi caracterizado através<br/>da Análise de Componentes Principais (PCA) da composição química do solo. As relações entre o gradiente<br/>edáfico e as características funcionais foram avaliadas usando modelos lineares. Finalmente, comparamos<br/>as contribuições da substituição de espécies e variação intraespecífica na comunidade vegetal. Os gradientes<br/>associados aos nutrientes do solo (eixo 1 da PCA) e acidez do solo e matéria orgânica (eixo 2 da PCA) foram<br/>então utilizados para testar as mudanças observadas na composição da comunidade e uma relação significativa<br/>foi encontrada com o eixo 2. Os eixos foram preditores significativos da distribuição da altura, teor de clorofila,<br/>potencial hídrico, massa seca e teor de K. A decomposição da variação total na distribuição de características<br/>funcionais entre a rotatividade de espécies e a variação intraespecífica revelou que a rotatividade de espécies <br/>explica uma proporção maior da variação observada. Concluímos que a montagem da comunidade é fortemente<br/>limitada por filtros ambientais e mediada por características funcionais no nível das espécies.<br/><br/>Palavras-chaves: regras de montagem, estrutura da comunidade, duna, atributos funcionais, Restinga,<br/>variação interespecífica.
650 ## - ASSUNTO - THESAGRO
Cabeçalho tópico ou nome geográfico CONDIÇÃO AMBIENTAL
650 ## - ASSUNTO - THESAGRO
Cabeçalho tópico ou nome geográfico PLANTA
650 ## - ASSUNTO - THESAGRO
Cabeçalho tópico ou nome geográfico RESTINGA
650 ## - ASSUNTO - THESAGRO
Cabeçalho tópico ou nome geográfico SOLO
773 0# - ENTRADA ANALÍTICA
Host Biblionumber 709
Registro do item 357347
Imprenta Rio de Janeiro-RJ Jardim Botanico do Rio de Janeiro 1935
Outro identificador 2025-5311
Título Rodriguésia (Brazil)
ISSN 0370-6583; 2175-7860 on-line
Colação v. 72 p. 1-12; (2021)
Número de controle de registro BR2025002315
856 ## - ACESSO E ENDEREÇO ELETRÔNICO
Identificador uniforme de recurso - URI https://www.scielo.br/j/rod/a/w6QkCRYQXT9mRYTqKs5pYDf/?format=pdf&lang=en

Nenhum exemplar disponível.

BINAGRI

Telefone: (61)3218-2567/2388/3357/2097 - binagri@agro.gov.br

Ministério da Agricultura e Pecuária , Esplanada dos Ministérios, Bloco D, Anexo B, Brasília/DF, CEP: 70.043-900